Trouvez les pays frontaliers - Russie - Statistiques

Statistiques générales
  • Ce quiz a été pris 54 fois
    40 depuis la dernière actualisation
  • Le résultat moyen est 13 sur 14
Statistiques - réponses
Longueur de leur frontière commune Pays % Correct
4250 km Chine
100%
1340 km Finlande
100%
3485 km Mongolie
98%
1576 km Ukraine
98%
959 km Biélorussie
95%
294 km Estonie
95%
6846 km Kazakhstan
95%
217 km Lettonie
95%
227 km Lituanie
95%
15 km Corée du Nord
83%
284 km Azerbaïdjan
78%
196 km Norvège
78%
723 km Géorgie
75%
206 km Pologne
75%
Aucun quiz correspondant
Distribution des résultats
% des personnes avec chaque résultat
Percentile par nombre de réponses
Votre historique - résultats
Vous n’avez pas pris ce quiz depuis la dernière actualisation